BMX bully / (Record no. 112)
[ view plain ]
| 000 -LEADER | |
|---|---|
| fixed length control field | 01387nam a22003377a 4500 |
| 001 - CONTROL NUMBER | |
| control field | 112 |
| 003 - CONTROL NUMBER IDENTIFIER | |
| control field | FISKH |
| 005 - DATE AND TIME OF LATEST TRANSACTION | |
| control field | 20230227165638.0 |
| 008 - FIXED-LENGTH DATA ELEMENTS--GENERAL INFORMATION | |
| fixed length control field | 230227b cb ||||| |||| 00| 0 eng d |
| 040 ## - CATALOGING SOURCE | |
| Original cataloging agency | DLC |
| Transcribing agency | DLC |
| Modifying agency | DLC |
| -- | FISKH |
| Language of cataloging | eng |
| 042 ## - AUTHENTICATION CODE | |
| Authentication code | lcac |
| 050 00 - LIBRARY OF CONGRESS CALL NUMBER | |
| Classification number | PZ7.M25643 |
| Item number | Bm 2007 |
| 082 00 - DEWEY DECIMAL CLASSIFICATION NUMBER | |
| Classification number | PZ7.M25643 |
| Edition number | 22 |
| 100 1# - MAIN ENTRY--PERSONAL NAME | |
| Personal name | Maddox, Jake. |
| 245 10 - TITLE STATEMENT | |
| Title | BMX bully / |
| Statement of responsibility, etc. | by Jake Maddox ; illustrated by Sean Tiffany. |
| 260 ## - PUBLICATION, DISTRIBUTION, ETC. | |
| Place of publication, distribution, etc. | Minneapolis : |
| Name of publisher, distributor, etc. | Stone Arch Books, |
| Date of publication, distribution, etc. | 2007. |
| 300 ## - PHYSICAL DESCRIPTION | |
| Extent | 65 p. : |
| Other physical details | ill. ; |
| Dimensions | 20 cm. |
| 490 1# - SERIES STATEMENT | |
| Series statement | Impact books. A Jake Maddox sports story |
| 500 ## - GENERAL NOTE | |
| General note | Eleven-year-old Matt wants to make the Evergreen Racing Team but his chances are seriously threatened when a new boy moves to town and resorts to cheating in order to win. |
| 505 ## - FORMATTED CONTENTS NOTE | |
| Formatted contents note | K |
| 520 ## - SUMMARY, ETC. | |
| Summary, etc. | Eleven-year-old Matt wants to make the Evergreen Racing Team but his chances are seriously threatened when a new boy moves to town and resorts to cheating in order to win. |
| 521 8# - TARGET AUDIENCE NOTE | |
| Target audience note | 570 |
| Source | Lexile |
| 521 8# - TARGET AUDIENCE NOTE | |
| Target audience note | K |
| Source | Raz-Plus |
| 650 #1 - SUBJECT ADDED ENTRY--TOPICAL TERM | |
| Topical term or geographic name entry element | Bicycle racing |
| Form subdivision | Fiction. |
| 650 #1 - SUBJECT ADDED ENTRY--TOPICAL TERM | |
| Topical term or geographic name entry element | Cheating |
| Form subdivision | Fiction. |
| 700 1# - ADDED ENTRY--PERSONAL NAME | |
| Personal name | Tiffany, Sean, |
| Relator term | ill. |
| 800 1# - SERIES ADDED ENTRY--PERSONAL NAME | |
| Personal name | Maddox, Jake. |
| Title of a work | Impact books (Stone Arch Books) |
| Name of part/section of a work | Jake Maddox sports story. |
| 856 41 - ELECTRONIC LOCATION AND ACCESS | |
| Materials specified | Table of contents only |
| Uniform Resource Identifier | <a href="http://www.loc.gov/catdir/toc/ecip069/2006006074.html">http://www.loc.gov/catdir/toc/ecip069/2006006074.html</a> |
| 906 ## - LOCAL DATA ELEMENT F, LDF (RLIN) | |
| a | 7 |
| b | cbc |
| c | orignew |
| d | 1 |
| e | ecip |
| f | 20 |
| g | y-gencatlg |
| 942 ## - ADDED ENTRY ELEMENTS (KOHA) | |
| Source of classification or shelving scheme | Dewey Decimal Classification |
| Koha item type | Books |
| Suppress in OPAC | No |
| Withdrawn status | Lost status | Source of classification or shelving scheme | Damaged status | Not for loan | Collection | Home library | Current library | Shelving location | Date acquired | Total Checkouts | Full call number | Barcode | Date last seen | Date last checked out | Price effective from | Koha item type |
|---|---|---|---|---|---|---|---|---|---|---|---|---|---|---|---|---|
| Dewey Decimal Classification | Juvenile Fiction | Footprints International School Library Network Toul Kork Campus | Footprints International School Library Network Toul Kork Campus | TK Primary Library Room(4th Floor), Bookcase 3&4, Shelves 17-32, Yellow Books | 02/27/2023 | 2 | MAD 514 PZ7.M25643 | FISTK00498 | 06/09/2025 | 12/03/2024 | 02/27/2023 | Books |
